000 00574nam a2200193 i 4500
001 95922
003 ES-MaACL
007 t|
008 050608s1983 sp ||||1| spa d
100 1 _aMackal, P. Karl.
_975241
245 1 0 _aTeorías psicológicas de la agresión /
_cP. Karl Mackal; [traducción de Soledad Ballesteros].
260 _aMadrid :
_bPirámide,
_c1983.
300 _a237 p. ;
_c21 cm.
490 1 _aPsicología
700 1 _aBallesteros, Soledad.
_925045
830 0 _aPsicología
_9178186
852 _aES-MaACL
_jL-4852
_bR.105352
999 _c95922
_d95922